000 00227nam a22000977a 4500
041 _aeng
080 _a80
100 _aБеляева, М. А.
245 _aГрамматика английского языка.
999 _c280509
_d280509
942 _cBK